Technical literature, (Record no. 549275)

000 -LEADER
fixed length control field 00472cam a22001571 4500
082 ## - DEWEY DECIMAL CLASSIFICATION NUMBER
Classification number 808.066624
Author Mark WIL
100 1# - MAIN ENTRY--PERSONAL NAME
Personal name Williams, George Edward.
9 (RLIN) 45839
245 10 - TITLE STATEMENT
Title Technical literature,
Remainder of title its preparation and presentation.
260 ## - PUBLICATION, DISTRIBUTION, ETC.
Place of publication, distribution, etc. London,
Name of publisher, distributor, etc. G. Allen & Unwin
Date of publication, distribution, etc. [1948]
300 ## - PHYSICAL DESCRIPTION
Extent 117 p.
Dimensions 19 cm.
526 ## - STUDY PROGRAM INFORMATION NOTE
Program name 0
Interest level 0
Reading level 0
Title point value 808_066624000000000_WIL
650 #0 - SUBJECT ADDED ENTRY--TOPICAL TERM
Topical term or geographic name entry element MCE
9 (RLIN) 379
650 #0 - SUBJECT ADDED ENTRY--TOPICAL TERM
Topical term or geographic name entry element Report writing.
9 (RLIN) 3246
650 #0 - SUBJECT ADDED ENTRY--TOPICAL TERM
Topical term or geographic name entry element Technology
General subdivision Language.
9 (RLIN) 45840
942 ## - ADDED ENTRY ELEMENTS (KOHA)
Source of classification or shelving scheme
Koha item type Book
Holdings
Withdrawn status Lost status Source of classification or shelving scheme Damaged status Not for loan Permanent Location Current Location Date acquired Total Checkouts Full call number Barcode Date last seen Price effective from Koha item type
          Military College of Engineering (MCE) Military College of Engineering (MCE) 09/23/2014   808.066624 WIL MCE-40124 09/23/2014 09/23/2014 Book
© 2023 Central Library, National University of Sciences and Technology. All Rights Reserved.